000 00637nam a2200193Ia 4500
005 20250508170040.0
008 008 250505s9999 xx 000 0 hin d
037 _aTheses
040 _aFEDL
_beng
_cFEDL
041 _ahin
_2eng
084 _a910.7, BHA/TH
_qFEDL
100 _aBharaty Samresh
_9782823
245 0 _aSchooli vidyarthiyon mein bhaugolik saksharta ka vikas: Bhugol ki shiksha ke sanderbh mein iske avayavon, nirman aur nihitarth ka adhyayan
260 _c2018
300 _a174p.
546 _aPh.D Thesis (Delhi University); C D Included
942 _cTH
_h910.7, BHA/TH
999 _c1398923
_d1398923